US Presidents by Picture #3 - Statistics

General Stats
  • This quiz has been taken 36 times
  • The average score is 11 of 12
Answer Stats
Picture Answer % Correct
Barack Obama
100%
Donald Trump
100%
Joe Biden
100%
John F. Kennedy
97%
George H.W. Bush
91%
Ronald Reagan
91%
Bill Clinton
88%
Gerald Ford
84%
Richard Nixon
84%
Dwight D. Eisenhower
81%
Jimmy Carter
81%
Lyndon B. Johnson
75%
No matching quizzes found
Score Distribution
Percent of People with Each Score
Percentile by Number Answered
Your Score History
You have not taken this quiz